000 00694nam a2200277Ia 4500
005 20260324140946.0
008 008 260324s9999 xx 000 0 eng d
020 _a9781315052489
037 _aEBOOK
040 _aCRL
040 _beng
040 _cCRL
041 _2eng
041 _aeng
084 _qCRL
100 _aE. Nathaniel Gates
_91206378
245 0 _aRace and U.S. Foreign Policy in the Ages of Territorial and Market Expansion, 1840-1900
260 _bTaylor and Francis
260 _c1998
365 _a
365 _b210
856 _uhttp://www.taylorfrancis.com/books/9781315052489
942 _cEBOOK
999 _c1808976
_d1808976